[Event "Silver Lake Open-A 2018"]
[Site "Veliko Gradiste"]
[Date "2018.06.19"]
[Round "4"]
[White "Kadric, Denis"]
[Black "Atakisi, Umut"]
[Result "1/2-1/2"]
[WhiteElo "2509"]
[BlackElo "2380"]
[Annotator "TA"]
[PlyCount "99"]
[EventDate "2018.06.17"]
[EventType "swiss"]
[EventCountry "SRB"]
[SourceTitle "playchess.com"]
[Source "ChessBase"]
[SourceQuality "1"]

{[%evp 29,99,50,58,50,71,76,108,0,0,0,0,0,0,0,0,-19,-28,-33,-28,-28,-27,-36,-14,-14,-16,-16,0,-83,-35,-35,-36,-36,-33,-54,-35,-32,-16,-20,0,0,0,0,0,0,0,-8,-9,-7,-3,-6,-6,-33,-20,-48,0,0,0,0,0,0,0,0,0,0,0,0,0,0,0,0,0,0]} 1. e4 c5 2. Nf3 g6 3. d4 cxd4 4. Nxd4 Nc6 5. Nc3 Bg7 6. Be3 Nf6 7. Bc4 O-O 8. Bb3 d6 9. f3 Bd7 10. h4 Nxd4 11. Bxd4 b5 {B76: Sicilian Dragon: Yugoslav Attack, 9 g4 and 9 0-0-0} 12. h5 a5 13. hxg6 hxg6 14. Nd5 Nxd5 15. Bxd5 Rc8 {LiveBook: 12 Games} 16. a3 Qc7 $146 {[#]} ({Predecessor:} 16... e6 17. Bxg7 Kxg7 18. Qd4+ f6 19. Bb3 {1-0 (49) Gusain,H (2453)-Kretov,E (2246) Moscow 2017}) 17. c3 $1 ({But not} 17. Bxg7 Kxg7 18. Qd2 e6 $11) 17... Bc6 {[#]} 18. Qd2 ({Reject} 18. Bxg7 $6 Kxg7 19. Bxc6 Qxc6 $11) (18. Bb3 $1 $16) 18... Bxd5 $11 19. exd5 Qc4 $1 20. Bxg7 Kxg7 21. Qh6+ Kf6 {Threatens to win with ...Rh8.} 22. Rh4 ({Don't play} 22. Rh5 Rh8 $17) 22... Qxd5 23. Rf4+ Ke6 {And now ...Rh8 would win.} 24. Re4+ Kd7 25. Qe3 $1 e6 26. Qa7+ Rc7 27. Qxa5 Rh8 28. Ke2 (28. Rd4 $11 {keeps the balance.} Qc5 29. O-O-O) 28... Rh2 29. Rg1 Qb3 30. Qb4 Qc2+ 31. Kf1 Rh5 32. Re2 $1 {[%cal Re2c2]} Qd3 {aiming for ...Re5.} 33. Kf2 Qc4 (33... Rc4 {keeps more tension.} 34. Qa5 Ra4 35. Qb6 Qd5 36. Ree1 Qc6) 34. Re4 Qxb4 35. Rxb4 {[%mdl 4096] Endgame KRR-KRR} Rc4 36. Rc1 Rd5 37. Ke3 f5 {[%cal Bf7f5,Bf5f4][%mdl 32]} 38. Rc2 f4+ 39. Ke2 Re5+ 40. Kd1 g5 41. Re2 Rec5 42. Re4 {The position is equal.} e5 43. a4 Rxe4 44. Rxe4 bxa4 45. Rxa4 {KR-KR} Rc8 46. Ra7+ Ke6 47. Rg7 Kf6 48. Rd7 Ke6 49. Rg7 Kf6 50. Rd7 {Precision: White = 78%, Black = 58%.} 1/2-1/2

[Event "Silver Lake Open-A 2018"]
[Site "Veliko Gradiste"]
[Date "2018.06.19"]
[Round "4"]
[White "Cvitan, Ognjen"]
[Black "Rajkovic, Mladen"]
[Result "1/2-1/2"]
[WhiteElo "2492"]
[BlackElo "2354"]
[Annotator "TA"]
[PlyCount "39"]
[EventDate "2018.06.17"]
[EventType "swiss"]
[EventCountry "SRB"]
[SourceTitle "playchess.com"]
[Source "ChessBase"]
[SourceQuality "1"]

{[%evp 24,39,27,18,18,14,33,37,32,10,11,4,18,0,0,0,2,0]} 1. d4 Nf6 2. c4 g6 3. Nc3 d5 4. cxd5 Nxd5 5. e4 Nxc3 6. bxc3 Bg7 7. Bc4 c5 8. Ne2 O-O 9. O-O Nc6 10. Be3 Bg4 11. f3 Bd7 12. Rb1 Qc7 13. Qd2 {LiveBook: 29 Games. D87: Exchange Grünfeld: Classical Line: Variations without ...cxd4} (13. Re1 {with more complications.} Na5 14. Bd3 b6 15. Qc1 Rfd8 16. Bf2) 13... cxd4 (13... Rad8 14. Rfc1 Na5 15. Bd3 e5 16. Bh6 b6 17. Bxg7 Kxg7 18. f4 f6 19. fxe5 fxe5 20. Qg5 cxd4 21. cxd4 {0-1 (101) Aronian,L (2784)-Areshchenko,A (2672) Baku 2015 CBM 169 [Schulz,André]}) 14. cxd4 Nxd4 15. Bxf7+ {White is slightly better.} Rxf7 16. Bxd4 $146 ({Predecessor:} 16. Nxd4 b6 17. Rfd1 Rc8 18. Rbc1 Qb8 19. Rxc8+ Qxc8 20. Rc1 Qe8 {1-0 (35) Lembeck,K-Traut,W (2338) ICCF 2016}) 16... e5 {The position is equal.} 17. Be3 Be6 18. Nc3 Rd8 19. Nd5 Bxd5 20. exd5 1/2-1/2

[Event "Silver Lake Open-A 2018"]
[Site "Veliko Gradiste"]
[Date "2018.06.19"]
[Round "4"]
[White "Stojanovic, Mihajlo"]
[Black "Avalyan, Artur"]
[Result "1/2-1/2"]
[WhiteElo "2488"]
[BlackElo "2268"]
[Annotator "TA"]
[PlyCount "57"]
[EventDate "2018.06.17"]
[EventType "swiss"]
[EventCountry "SRB"]
[SourceTitle "playchess.com"]
[Source "ChessBase"]
[SourceQuality "1"]

{[%evp 27,57,12,18,11,14,11,16,10,10,8,16,8,16,12,17,6,16,13,10,0,0,-9,0,0,0,0,5,3,4,6,4,5]} 1. Nf3 d5 2. d4 Nf6 3. c4 e6 4. Nc3 Be7 5. Bg5 h6 6. Bxf6 Bxf6 7. e3 O-O 8. Rc1 c6 9. Bd3 dxc4 10. Bxc4 Nd7 11. O-O e5 12. Ne4 exd4 13. Nxf6+ Nxf6 14. Qxd4 Qe7 {Die Stellung ist ausgeglichen.} 15. Rfd1 {D55: Damengambit (Hauptvariante, Abweichungen - Alte Lasker-Variante, etc.)} Be6 16. Qe5 Rfe8 17. Bxe6 Qxe6 18. Qxe6 Rxe6 19. Kf1 $146 Kf8 20. Ke2 g6 21. Rd3 Rc8 22. Ra3 a6 23. Nd4 Re5 24. b4 Nd5 25. Rb3 Nf4+ 26. Kf3 Ne6 27. Nxe6+ Rxe6 28. Rd3 Ke7 29. Rcd1 {Precision: Weiß = 31%, Schwarz = 55%.} 1/2-1/2

[Event "Silver Lake Open-A 2018"]
[Site "Veliko Gradiste"]
[Date "2018.06.19"]
[Round "4"]
[White "Pikula, Dejan"]
[Black "Baglan, Esat"]
[Result "1-0"]
[WhiteElo "2471"]
[BlackElo "2314"]
[Annotator "TA"]
[PlyCount "129"]
[EventDate "2018.06.17"]
[EventType "swiss"]
[EventCountry "SRB"]
[SourceTitle "playchess.com"]
[Source "ChessBase"]
[SourceQuality "1"]

{[%evp 38,129,5,47,64,52,62,79,81,80,76,76,76,76,79,80,81,54,58,58,87,87,97,84,97,97,99,102,103,104,100,104,97,80,152,97,134,139,151,98,106,72,80,80,80,80,110,115,263,263,263,226,321,327,390,344,389,382,373,357,396,426,450,447,443,430,556,416,416,436,433,418,407,375,361,325,485,470,452,400,29971,29970,1787,29969,29969,29969,29959,29952,12825,7395,29985,29986,29985,29986]} 1. e4 c5 2. Nf3 g6 3. d4 cxd4 4. Nxd4 Nc6 5. c4 Nf6 6. Nc3 d6 7. Be2 Nxd4 8. Qxd4 Bg7 9. Be3 O-O 10. Qd2 Be6 11. f3 Qa5 12. Rc1 Rfc8 13. b3 a6 14. Na4 Qxd2+ 15. Kxd2 Nd7 16. g4 f5 17. exf5 {B36: Sicilian: Maroczy Bind: Gurgenidze System} (17. gxf5 gxf5 18. Rhg1 Kh8 19. Bd3 f4 20. Bf2 Bf6 21. Nb6 Nxb6 22. Bxb6 Rg8 23. a4 Rxg1 24. Rxg1 a5 {½-½ (75) Malakhov,V (2686)-Guseinov,G (2646) Riadh 2017}) 17... gxf5 18. h3 Rf8 19. Nc3 f4 20. Bf2 {LiveBook: 3 Games} Ne5 21. Nd5 Bxd5 $1 22. cxd5 Rac8 23. Rxc8 Rxc8 24. Rc1 $146 ({Predecessor:} 24. Bd1 Kf7 {½-½ (56) Deszczynski,A (2341)-Plichta,K (2247) Warsaw 2014}) 24... Rxc1 25. Kxc1 $16 {[%mdl 4096] Endgame KBB-KBN} Kf7 26. Be1 Bf6 27. h4 h6 28. Kc2 e6 29. Bd2 Bxh4 30. Bxf4 Bg5 31. Bg3 Ng6 32. dxe6+ Kxe6 33. Bd3 Ne7 34. f4 Bf6 35. Be4 Nc6 (35... d5 $142 36. f5+ Kd7) 36. Bf5+ (36. Kd2 $142) 36... Ke7 {and if ...Nd4+ works, Black does fine.} 37. Bc8 b6 38. Be1 ({White should try} 38. Kd2) 38... a5 39. Bd2 Nb4+ 40. Kb1 $1 Nd5 41. a4 Bd4 42. Bb7 Bc3 (42... Ne3 $16) 43. Bc1 $1 $18 Nf6 44. Kc2 Ba1 (44... Bd4 {was worth a try.} 45. Kd3 Bf2) 45. Bf3 Nd7 {[#]} 46. Kd3 $1 {[%cal Rd3c4]} Nc5+ 47. Kc4 Bg7 48. Bd5 Kd7 49. Be3 Kc7 50. g5 hxg5 51. fxg5 Kd7 52. Kb5 Kc7 53. g6 Nd7 54. Be6 Nc5 55. Bf7 Nd7 56. Kc4 Ne5+ (56... Nf6 $142 57. Bf2 Kc6) 57. Kd5 Ng4 58. Bd4 Nf6+ {[#]} (58... Ne5 $18 59. Be3 Nxf7) 59. Ke6 $1 Nh5 60. Bxg7 Nxg7+ 61. Kf6 Nh5+ 62. Kg5 Ng7 63. Bd5 Kb8 64. Kf6 Nh5+ 65. Kf7 {Precision: White = 67%, Black = 30%.} 1-0

[Event "Silver Lake Open-A 2018"]
[Site "Veliko Gradiste"]
[Date "2018.06.19"]
[Round "4"]
[White "Hirneise, Tobias"]
[Black "Injac, Teodora"]
[Result "1/2-1/2"]
[WhiteElo "2461"]
[BlackElo "2282"]
[Annotator "TA"]
[PlyCount "84"]
[EventDate "2018.06.17"]
[EventType "swiss"]
[EventCountry "SRB"]
[SourceTitle "playchess.com"]
[Source "ChessBase"]
[SourceQuality "1"]

{[%evp 32,84,7,0,0,-60,-54,-64,-77,-62,-48,-97,-80,-92,-84,-70,-62,-163,-136,-125,-59,-141,-39,-33,0,0,0,0,0,0,31,0,33,0,31,0,0,0,0,0,0,0,0,0,0,0,0,-45,0,0,0,-50,0,-8,0]} 1. e4 c5 2. Nf3 d6 3. d4 cxd4 4. Nxd4 Nf6 5. Nc3 a6 6. Be3 e5 7. Nb3 Be6 8. f3 Be7 9. Qd2 O-O 10. O-O-O Nbd7 11. g4 {[%cal Bg2g4,Bg4g5][%mdl 32]} b5 12. g5 Nh5 13. Rg1 {B90: Sicilian Najdorf: Unusual White 6th moves, 6 Be3 Ng4 and 6 Be3 e5} (13. Nd5 Bxd5 14. exd5 f6 15. gxf6 Bxf6 16. Kb1 Nf4 17. Rg1 Kh8 18. Bd3 Bg5 19. Na5 Bh6 20. Nc6 Qh4 21. Qb4 {½-½ (49) Caruana,F (2784)-Mamedyarov,S (2809) Berlin 2018}) 13... Nb6 14. Qf2 Nc4 15. Bxc4 bxc4 16. Nc5 Qc7 17. N5a4 {LiveBook: 3 Games} Rab8 18. f4 $146 (18. Kb1 $11) ({Predecessor:} 18. Nb6 Nf4 19. Ncd5 Bxd5 20. Nxd5 Nxd5 21. Rxd5 {0-1 (46) Veiga,J (2320)-Nayhebaver,M (2456) Lisbon 2018}) 18... exf4 $15 19. Bxf4 Nxf4 20. Qxf4 Qa5 21. h4 Rb4 $1 {[%cal Rb4a4]} 22. b3 cxb3 23. axb3 Rc8 24. Kb2 ({White should play} 24. Rg3 $15) 24... Qc7 25. Rg2 {[#]} Qb7 (25... g6 $1 $17 {aiming for ...Bf8.} 26. Rd3 Bf8) 26. Rf2 {[#]} (26. Qe3 $15) 26... Rcc4 (26... Bf8 $1 $17 {Hoping for ...d5!} 27. Qe3 g6) 27. Kc1 Rxa4 28. bxc4 Rxc4 29. Nd5 Bxd5 30. Rxd5 Bf8 31. h5 Ra4 32. Kd2 Qb4+ 33. Ke3 Qe1+ 34. Re2 Qc1+ 35. Kf3 Qh1+ 36. Kg4 g6 37. hxg6 hxg6 {Threatens to win with ...Qh5+.} 38. Qf3 Qg1+ 39. Rg2 Qe1 {[%mdl 1024] Black has compensation.} 40. Re2 $1 {[%cal Re2e1]} Qg1+ 41. Rg2 Qe1 42. Re2 $1 {[%cal Re2e1]} Qg1+ {Precision: White = 37%, Black = 55%.} 1/2-1/2

[Event "Silver Lake Open-A 2018"]
[Site "Veliko Gradiste"]
[Date "2018.06.19"]
[Round "4"]
[White "Perunovic, Miodrag"]
[Black "Tashev, Aleksandar"]
[Result "1-0"]
[WhiteElo "2442"]
[BlackElo "2161"]
[Annotator "TA"]
[PlyCount "49"]
[EventDate "2018.06.17"]
[EventType "swiss"]
[EventCountry "SRB"]
[SourceTitle "playchess.com"]
[Source "ChessBase"]
[SourceQuality "1"]

{[%evp 14,49,39,13,25,19,82,76,75,64,67,32,20,15,63,22,24,30,65,65,195,193,193,179,180,194,200,202,189,197,197,201,231,229,247,246,252,229]} 1. d4 Nf6 2. c4 e6 3. Nf3 {[%cal Bg1f3,Bf3h4,Bh4f5][%mdl 32]} b6 4. g3 Bb7 5. Bg2 c5 6. d5 exd5 7. Nh4 d6 8. O-O {[%mdl 1024] LiveBook: 3 Games. White has compensation. E16: Queen's Indian: 4 g3 Bb7 5 Bg2 Bb4+} (8. Nc3 g6 9. O-O Bg7 10. cxd5 O-O 11. e4 Re8 12. Re1 Nbd7 13. Bf1 Rc8 14. Bf4 Ne5 15. a4 a6 16. Ng2 Nfd7 17. Ne3 h5 18. Nb1 c4 19. Na3 {½-½ (55) Perevertkin,V (2622)-Voiculescu,C (2522) ICCF email 2012}) 8... Nbd7 9. Nc3 {[%cal Rc3d5]} Be7 (9... g6 $11) 10. Nf5 {White is better.} O-O 11. Bf4 (11. cxd5 {feels hotter.} Re8 12. Bf4 Qb8 13. a4 Bf8 14. Qc2) 11... Ne5 12. Bxe5 $146 ({Predecessor:} 12. Nxd5 Nxd5 13. Bxd5 Qc7 14. Bxb7 Qxb7 {1-0 (26) Garcia,J (2396)-Jacutina,J (1947) Tagaytay City 2014}) 12... dxe5 13. Nxd5 Bxd5 14. Bxd5 (14. cxd5 $5 {[%cal Rd5d6]} Bd6 15. e4 $14) 14... Nxd5 15. Qxd5 Qc7 16. Rad1 Rad8 {[#]} (16... Bg5 $14) 17. Qc6 $1 $18 {[%cal Rc6c7][%mdl 512]} Rc8 (17... Qxc6 18. Nxe7+) 18. Rd7 Qxc6 19. Nxe7+ Kh8 20. Nxc6 Rxc6 {[#]} 21. Rfd1 $1 ({But not} 21. Rxa7 Rd6 $16) 21... Kg8 22. Rxa7 Re6 23. Rdd7 g6 24. b3 Kg7 25. a4 {Precision: White = 55%, Black = 14%.} 1-0

[Event "Silver Lake Open-A 2018"]
[Site "Veliko Gradiste"]
[Date "2018.06.19"]
[Round "4"]
[White "Lajthajm, Borko"]
[Black "Desnica, Vladan"]
[Result "1-0"]
[WhiteElo "2432"]
[BlackElo "2300"]
[Annotator "TA"]
[PlyCount "52"]
[EventDate "2018.06.17"]
[EventType "swiss"]
[EventCountry "SRB"]
[SourceTitle "playchess.com"]
[Source "ChessBase"]
[SourceQuality "1"]

{[%evp 13,52,53,57,8,44,45,86,33,69,56,85,77,103,110,97,35,47,66,100,103,115,88,259,284,271,199,191,194,207,197,239,195,210,129,154,103,327,296,662,661,604]} 1. e4 d6 2. d4 Nf6 3. Nc3 c6 4. Nf3 Bg4 5. h3 Bh5 6. g4 Bg6 {B07: Pirc Defence: Miscellaneous Systems} 7. Bd3 e6 {LiveBook: 22 Games} 8. Bg5 (8. g5 Nfd7 9. Be3 Bh5 10. Be2 d5 11. Nd2 Bxe2 12. Nxe2 a5 13. c3 a4 14. h4 {1-0 (32) Zhigalko,S (2671)-Zhang,Z (2645) Doha 2016}) 8... Qa5 {The position is equal.} 9. Bd2 Qc7 10. Qe2 $146 (10. g5 $16 Nfd7 11. h4) ({Predecessor:} 10. Nh4 d5 11. Nxg6 hxg6 12. e5 Nfd7 13. f4 c5 14. Nb5 Qb6 15. dxc5 Bxc5 {0-1 (26) Dubois,M (2012)-Lovati,P (2080) Arco 1999}) 10... Be7 11. g5 Nfd7 12. Nh4 d5 13. Nxg6 hxg6 14. exd5 (14. O-O-O $16) 14... cxd5 $14 15. Nb5 $36 {[%mdl 2048] White has good play.} Qb6 {[#] And now ...a6 would win.} 16. Bf4 {Strongly threatening Nc7+.} O-O 17. c3 {aiming for Nc7.} a6 $2 (17... e5 $16 {was necessary.}) 18. Nc7 $18 Ra7 19. Nxd5 exd5 20. Qxe7 Qxb2 21. Rc1 b5 22. O-O Qxa2 23. Ra1 Qb2 24. Rfc1 (24. Bd6 $142) 24... Rc8 $2 {[#]} (24... Nc6 $16 25. Qd6 Rc8) 25. Qe1 $1 Nb6 $2 (25... Nc6 26. Rcb1 Nxd4) 26. Bxb8 ({And not} 26. Rcb1 Qxc3 27. Qxc3 Rxc3 $11) 26... Rxb8 {Precision: White = 55%, Black = 19%.} 1-0

[Event "Silver Lake Open-A 2018"]
[Site "Veliko Gradiste"]
[Date "2018.06.19"]
[Round "4"]
[White "Kanakaris, Georgios"]
[Black "Gajcin, Marina"]
[Result "1-0"]
[WhiteElo "2399"]
[BlackElo "2262"]
[Annotator "ChessBase"]
[PlyCount "26"]
[EventDate "2018.06.17"]
[EventType "swiss"]
[EventCountry "SRB"]
[SourceTitle "playchess.com"]
[Source "ChessBase"]
[SourceQuality "1"]
[TimeControl "40/5400+30:900+30"]

1. Nf3 {[%emt 0:00:00]} g6 {[%emt 0:02:22]} 2. d4 {[%emt 0:04:09]} Nf6 {[%emt 0:00:11]} 3. g3 {[%emt 0:02:56]} Bg7 {[%emt 0:00:17]} 4. Bg2 {[%emt 0:00:52]} O-O {[%emt 0:00:48]} 5. c4 {[%emt 0:00:09]} d5 {[%emt 0:01:01]} 6. O-O {[%emt 0:02:48]} Nc6 {[%emt 0:10:25]} 7. Ne5 {[%emt 0:11:29]} dxc4 {[%emt 0:07:34]} 8. Nxc6 {[%emt 0:00:13]} bxc6 {[%emt 0:00:06]} 9. Bxc6 {[%emt 0:03:35]} Bh3 {[%emt 0:06:20]} 10. Re1 {[%emt 0:00:07]} Rb8 {[%emt 0:00:46]} 11. Nc3 {[%emt 0:06:31]} Rb6 {[%emt 0:00:30]} 12. Bf3 {[%emt 0:00:30]} Rb8 {[%emt 0:34:03]} 13. Rb1 {[%emt 0:18:55]} e5 {[%emt 0:00:30]} 1-0

[Event "Silver Lake Open-A 2018"]
[Site "Veliko Gradiste"]
[Date "2018.06.19"]
[Round "4"]
[White "Karavade, Eesha"]
[Black "Cerovic, Danilo"]
[Result "1/2-1/2"]
[WhiteElo "2399"]
[BlackElo "2292"]
[Annotator "NA"]
[PlyCount "115"]
[EventDate "2018.06.17"]
[EventType "swiss"]
[EventCountry "SRB"]
[SourceTitle "playchess.com"]
[Source "ChessBase"]
[SourceQuality "1"]
[TimeControl "40/5400+30:900+30"]

1. e4 e6 2. d4 d5 3. Bd3 dxe4 4. Bxe4 Nf6 5. Bf3 c5 6. Ne2 Nc6 {C01: French: Exchange Variation} 7. Be3 cxd4 (7... Nd5 8. Bxd5 Qxd5 9. Nbc3 Qxg2 10. Rg1 Qf3 11. Nb5 Rb8 12. dxc5 Bd7 13. Nc7+ Kd8 14. Nb5 {0-1 (54) Kramnik,V (2808)-Caruana,F (2808) Stavanger 2017}) 8. Nxd4 Ne5 9. Nc3 a6 10. O-O Bd6 11. Be2 O-O $146 ({Predecessor:} 11... Qe7 12. Bg5 Bd7 13. Ne4 Bc7 14. Nxf6+ gxf6 {0-1 (34) Juhasz,A (2026)-Markos,A (2188) Hungary 2018}) 12. f4 Ng6 13. f5 exf5 14. Nxf5 Bxf5 15. Rxf5 Qc7 16. h3 Be5 17. Bd3 Rfe8 18. Qd2 Bxc3 19. bxc3 Ne4 20. Bxe4 Rxe4 21. Re1 Rae8 22. Rff1 Qc6 23. Bd4 Rxe1 24. Rxe1 Rxe1+ 25. Qxe1 f6 26. Qg3 Kf7 27. a3 h6 28. Qg4 Qd5 29. a4 Nf8 30. Kf2 Ne6 31. Be3 f5 32. Qf3 Qxf3+ 33. Kxf3 g5 34. Ke2 Ke7 35. Kd3 {[#]} Kd6 $1 36. a5 Nc5+ 37. Kc4 (37. Kd4 $17 {ist eine bessere Verteidigung.}) 37... Ne4 38. Kd4 Nc5 39. Kc4 Ne6 40. Kd3 Kd5 41. c4+ Ke5 42. g3 f4 43. Bf2 {[#]} fxg3 $1 44. Bxg3+ Nf4+ 45. Ke3 Kf5 46. Bxf4 gxf4+ 47. Kd4 Kg5 $2 ({Black should play} 47... h5 $19 48. c5 Kg6) 48. Ke4 Kh4 49. Kxf4 Kxh3 50. Kf3 Kh4 (50... Kh2 $5 51. Kf2 $8 h5 $11) 51. Kf4 $1 h5 52. c5 Kh3 53. Kf3 $1 h4 54. c3 Kh2 55. Kf2 h3 56. c4 $1 Kh1 57. Kf1 $11 Kh2 58. Kf2 1/2-1/2

[Event "Silver Lake Open-A 2018"]
[Site "Veliko Gradiste"]
[Date "2018.06.19"]
[Round "4"]
[White "Filev, Georgi"]
[Black "Georgiev, Kiril"]
[Result "0-1"]
[WhiteElo "2390"]
[BlackElo "2590"]
[Annotator "TA"]
[PlyCount "52"]
[EventDate "2018.06.17"]
[EventType "swiss"]
[EventCountry "SRB"]
[SourceTitle "playchess.com"]
[Source "ChessBase"]
[SourceQuality "1"]

{[%evp 16,52,7,2,14,8,4,4,21,25,29,20,8,16,24,18,24,9,37,-76,-81,-78,-81,-77,-74,-98,0,-9,0,-41,-40,-52,-56,-411,-425,-804,-791,-756,-744]} 1. e4 e5 2. Nf3 Nc6 3. d4 exd4 4. Nxd4 Nf6 {[%cal Bg8f6,Bf6d5,Bd5b6][%mdl 32]} 5. Nxc6 bxc6 6. e5 Qe7 7. Qe2 Nd5 8. c4 Nb6 9. Nc3 Bb7 {C45: Schottische Partie} 10. Bd2 O-O-O 11. O-O-O f6 {Die Stellung ist ausgeglichen.} 12. exf6 Qxf6 13. h4 Qf7 14. Rh3 {[#]} Ba6 $146 {[%cal Ra6c4]} ({Vorgänger:} 14... Re8 15. Rf3 Qg6 16. Qd3 Qxd3 17. Bxd3 {½-½ (79) Khairullin,I (2658)-Georgiev,K (2636) Khanty-Mansiysk 2013}) 15. Rf3 Qg8 {[%cal Ra6c4]} 16. Bg5 Bxc4 17. Qe4 (17. Qe3 $14 {bleibt weiter vorne.}) 17... Bxf1 $17 18. Rxf1 {[#]} d5 $1 {[%cal Rd5e4]} 19. Qe2 {Und Da6+ würde nun gewinnen.} Rd7 20. a4 a5 (20... h6 $17 21. Bf4 Bd6) 21. Qa6+ $11 Kb8 22. Bf4 Bd6 {zielt auf ...Lxf4+ ab.} 23. Bxd6 Rxd6 24. Qxa5 $2 {[%mdl 8192] [#]} (24. Ne2 $15) 24... d4 $19 25. Ne4 (25. Qb4 $142 dxc3 26. Rxc3) 25... Qc4+ 26. Kd2 Rd5 {Precision: Weiß = 25%, Schwarz = 76%.} 0-1

[Event "Silver Lake Open-A 2018"]
[Site "Veliko Gradiste"]
[Date "2018.06.19"]
[Round "4"]
[White "Low, Zhen Yu Cyrus"]
[Black "Damljanovic, Branko"]
[Result "0-1"]
[WhiteElo "2387"]
[BlackElo "2499"]
[Annotator "TA"]
[PlyCount "102"]
[EventDate "2018.06.17"]
[EventType "swiss"]
[EventCountry "SRB"]
[SourceTitle "playchess.com"]
[Source "ChessBase"]
[SourceQuality "1"]

{[%evp 20,102,38,31,67,33,75,58,77,67,79,70,81,75,83,55,77,71,84,58,48,43,90,43,43,36,42,32,38,31,45,-82,-62,-59,-57,-81,-76,-97,-79,-80,-94,-88,-78,-82,-90,-107,-87,-119,-103,-159,-139,-164,-148,-160,-152,-164,-143,-124,-132,-128,-95,-90,-53,-56,-37,-158,-126,-517,-505,-573,-589,-695,-676,-1281,-1246,-1263,-1258,-1254,-1206,-1181,-1166,-1537,-1629,-1194,-1233]} 1. e4 c5 2. Nf3 Nc6 3. d4 cxd4 4. Nxd4 Nf6 5. Nc3 d6 6. Bg5 e6 7. Qd2 a6 8. Nxc6 {B66: Sizilianisch (Richter/Rauser-Angriff)} (8. O-O-O Bd7 9. f3 Nxd4 10. Qxd4 Be7 11. Kb1 b5 12. Bxf6 gxf6 13. Ne2 Rc8 14. Qd2 Qb6 15. Nf4 h5 16. g3 Rc7 17. Bd3 Kd8 18. c3 {½-½ (41) Anand,V (2776)-Carlsen,M (2843) Karlsruhe/Baden-Baden 2018}) 8... bxc6 9. O-O-O Be7 10. Bxf6 gxf6 11. Bc4 {LiveBook: 9 Partien} h5 12. Kb1 $146 ({Vorgänger:} 12. f4 Qa5 13. Rhe1 Bd7 14. Kb1 Qb4 15. Bb3 Bf8 {1-0 (34) Petrov,M (2426)-Moutousis,K (2394) Athens 2017}) 12... a5 13. Bb3 $1 Qb6 14. f4 Bd7 15. Qd3 O-O-O 16. Rhe1 Kb8 17. Qe2 Bc8 18. Na4 Qa7 19. Bc4 Rd7 20. Rd3 Bd8 21. Rh3 d5 22. Bd3 h4 23. Rf1 Qd4 24. b3 Qb4 25. Qe1 {[#]} (25. c3 $14 {nur das bewahrt Vorteil.} Qe7 26. Qf2) 25... Qxe1+ $1 $17 26. Rxe1 Bc7 27. Rf3 Rdd8 28. Nb2 Rdg8 29. Bf1 Rg4 30. Nd3 Rhg8 31. e5 {[#]} f5 $1 32. Nf2 R4g6 33. Kc1 Bb7 34. Nd3 (34. Rd1 $142) 34... Bb6 35. Rh3 Rg4 36. Be2 Rxg2 37. Rxh4 Be3+ 38. Kd1 c5 {Und weiter mit ...c4 wäre nett.} 39. Rh3 Bd4 40. Bf3 Rg1 {zielt auf ...c4 ab.} 41. Kd2 R1g7 $36 {[%mdl 2048] Schwarz hat Initiative.} 42. Rh5 ({Lieber} 42. Nc1 $15) 42... c4 43. bxc4 $2 {[%mdl 8192]} (43. c3 $17 {leistet mehr Widerstand.} Rg2+ 44. Bxg2 Rxg2+ 45. Re2 Bxc3+ 46. Kxc3 Rxe2 47. Nc5) 43... dxc4 $19 {Schwarz steht klar auf Gewinn.} 44. Bxb7 Kxb7 45. Nc1 Rd8 46. Ke2 {und die Idee Kf3 ließe Weiss weiter hoffen.} Rg2+ 47. Kf3 Rf2+ 48. Kg3 Rxc2 {( -> ...Lf2+)} 49. Ne2 Bb6 50. Rh7 Rd3+ 51. Kg2 Re3 {Precision: Weiß = 35%, Schwarz = 64%.} 0-1

[Event "Silver Lake Open-A 2018"]
[Site "Veliko Gradiste"]
[Date "2018.06.19"]
[Round "4"]
[White "Dudukovic, Nikola"]
[Black "Savic, Miodrag R"]
[Result "1/2-1/2"]
[WhiteElo "2385"]
[BlackElo "2545"]
[Annotator "TA"]
[PlyCount "54"]
[EventDate "2018.06.17"]
[EventType "swiss"]
[EventCountry "SRB"]
[SourceTitle "playchess.com"]
[Source "ChessBase"]
[SourceQuality "1"]

{[%evp 19,54,41,44,33,30,32,25,20,19,23,29,14,18,16,23,25,13,11,11,5,11,8,11,11,16,8,10,0,8,0,4,0,0,0,0,0,8]} 1. e4 d5 2. exd5 Qxd5 3. Nc3 Qa5 4. g3 c6 5. Bg2 Nf6 6. Nf3 Bg4 7. h3 Bxf3 8. Qxf3 e6 9. O-O Nbd7 {B01: Scandinavian Defence} 10. d3 Be7 {LiveBook: 4 Games} 11. Bd2 Qc7 {White is slightly better.} 12. Rab1 $146 ({Predecessor:} 12. Ne4 Nxe4 13. dxe4 O-O 14. Qe2 e5 15. a4 a5 16. h4 Nc5 17. Bh3 {½-½ (60) Rozentalis,E (2595)-Heinzel,O (2402) Augsburg 2005}) 12... a5 13. a3 a4 14. Rfe1 O-O 15. Bf4 Bd6 16. Bg5 Ra5 17. Bd2 Rf5 18. Qe2 {The position is equal.} Bc5 $1 19. Be3 Bxe3 20. Qxe3 Ra5 21. Qd2 Rd8 22. Ne4 Rb5 23. Nc3 Ra5 24. Ne4 h6 25. Re2 {[%cal Be1e2,Be2e4,Be4c4][%mdl 32]} Nxe4 26. Rxe4 Nf6 27. Rc4 Rda8 {Precision: White = 49%, Black = 59%.} 1/2-1/2